000 00381pab a2200145 454500
008 180718b1984 xxu||||| |||| 00| 0 eng d
100 _aKartez, Jack D.
245 _aCrisis response planning
_bToward a contingent analysis
260 _c1984
300 _a9-21
362 _aWinter
650 _aDisasters
773 _aJournal of the American Planning Association
909 _a7306
999 _c7306
_d7306